Do You Know Your Cars? - Statistics

General Stats
  • This quiz has been taken 589 times
  • The average score is 6 of 15
Answer Stats
Hint Answer % Correct
Company that used to use rotary engines? Mazda
72%
Top of the line Mercedes-Benz sedan? Mercedes-Benz S-Class
60%
Model Known as the James Bond car? Aston Martin DB5
57%
Company that makes the “allroad”? Audi
57%
Company owned by BMW that makes ultra luxury cars? Rolls Royce
53%
Company owned by Volkswagen that makes ultra luxury cars? Bentley
51%
Best selling vehicle in the USA for 2013? Ford F-150
41%
Company that makes the “S80”? Volvo
39%
Company known for their All Wheel Drive vehicles? Subaru
35%
Fully electric car made in California? Tesla Model S
31%
American muscle car produced by GM? Chevrolet Corvette
29%
SUV that is popular among celebrities and has been produced since 1979? Mercedes-Benz G-Class
24%
Fastest street legal car for sale in the USA? Bugatti Veyron Super Sport
15%
What is the most expensive Hyundai available? Hyundai Equus
9%
Model made in Ohio? Honda Accord
8%
No matching quizzes found
Score Distribution
Percent of People with Each Score
Percentile by Number Answered
Your Score History
You have not taken this quiz